[Event "Sao Jose de Rio Preto 02nd"]
[Site "Sao Jose de Rio Preto"]
[Date "2003.01.29"]
[Round "8"]
[White "Cubas, Jose Fernando"]
[Black "Marques, Vinicius"]
[Result "1/2-1/2"]
[WhiteElo "2439"]
[BlackElo "2319"]
[PlyCount "57"]
[EventDate "2003.01.23"]
[EventType "tourn"]
[EventRounds "9"]
[EventCountry "BRA"]
[EventCategory "3"]
[SourceTitle "CBM 092 Extra"]
[Source "ChessBase"]
[SourceDate "2003.03.07"]
[SourceVersion "1"]
[SourceVersionDate "2003.03.07"]
[SourceQuality "1"]

1. e4 e6 2. d4 d5 3. e5 c5 4. c3 Nc6 5. Nf3 Qb6 6. a3 Nh6 7. b4 cxd4 8. cxd4
Nf5 9. Bb2 Be7 10. h4 h5 11. Bd3 a5 12. Bxf5 exf5 13. Nc3 Be6 14. b5 a4 15. O-O
Na5 16. Qxa4 O-O 17. Rfc1 Nc4 18. Qb3 Qd8 19. Ne2 Bxh4 20. Bc3 Be7 21. Bb4 g5
22. Ng3 Bxb4 23. Qxb4 g4 24. Rxc4 dxc4 25. Qd2 gxf3 26. Qh6 f6 27. Qg6+ Kh8 28.
Qh6+ Kg8 29. Qg6+ 1/2-1/2

[Event "Sao Jose de Rio Preto 02nd"]
[Site "Sao Jose de Rio Preto"]
[Date "2003.01.30"]
[Round "9"]
[White "Borges, Leomar Barbero"]
[Black "Cubas, Jose Fernando"]
[Result "0-1"]
[WhiteElo "2247"]
[BlackElo "2439"]
[PlyCount "66"]
[EventDate "2003.01.23"]
[EventType "tourn"]
[EventRounds "9"]
[EventCountry "BRA"]
[EventCategory "3"]
[SourceTitle "CBM 092 Extra"]
[Source "ChessBase"]
[SourceDate "2003.03.07"]
[SourceVersion "1"]
[SourceVersionDate "2003.03.07"]
[SourceQuality "1"]

1. Nf3 d5 2. b3 Nf6 3. Bb2 Bf5 4. g3 e6 5. Bg2 h6 6. O-O Be7 7. d3 O-O 8. Nbd2
a5 9. a4 Na6 10. Re1 Bh7 11. e4 Nb4 12. Ne5 Nd7 13. Nxd7 Qxd7 14. Qg4 d4 15.
Rac1 Rfd8 16. Nc4 Ra6 17. e5 c6 18. Be4 b5 19. Na3 Rb6 20. h4 Rbb8 21. Rcd1 Na2
22. Ra1 Nc3 23. Bxh7+ Kxh7 24. Nb1 bxa4 25. Bxc3 dxc3 26. Rxa4 Rb4 27. Re4 Qxd3
28. Raxb4 Qd1+ 29. Qxd1 Rxd1+ 30. Kg2 Bxb4 31. Nxc3 Bxc3 32. Rc4 Bxe5 33. Rxc6
Rd2 0-1

[Event "Ilha Solteira 1st"]
[Site "Ilha Solteira"]
[Date "2003.02.04"]
[Round "1"]
[White "Neubauer, Martin"]
[Black "Cubas, Jose Fernando"]
[Result "1/2-1/2"]
[WhiteElo "2420"]
[BlackElo "2439"]
[PlyCount "27"]
[EventDate "2003.02.04"]
[EventType "tourn"]
[EventRounds "9"]
[EventCountry "BRA"]
[EventCategory "4"]
[SourceTitle "CBM 092 Extra"]
[Source "ChessBase"]
[SourceDate "2003.03.07"]
[SourceVersion "1"]
[SourceVersionDate "2003.03.07"]
[SourceQuality "1"]

1. e4 d6 2. d4 Nf6 3. Nc3 g6 4. f4 Bg7 5. Nf3 c5 6. e5 Ng4 7. Bb5+ Bd7 8. e6
fxe6 9. Ng5 Bxb5 10. Nxe6 Bxd4 11. Nxd8 Bf2+ 12. Kd2 Be3+ 13. Ke1 Bf2+ 14. Kd2
1/2-1/2

[Event "Ilha Solteira 1st"]
[Site "Ilha Solteira"]
[Date "2003.02.05"]
[Round "2"]
[White "Cubas, Jose Fernando"]
[Black "El Debs, Felipe de Cresce"]
[Result "0-1"]
[WhiteElo "2439"]
[BlackElo "2251"]
[PlyCount "112"]
[EventDate "2003.02.04"]
[EventType "tourn"]
[EventRounds "9"]
[EventCountry "BRA"]
[EventCategory "4"]
[SourceTitle "CBM 092 Extra"]
[Source "ChessBase"]
[SourceDate "2003.03.07"]
[SourceVersion "1"]
[SourceVersionDate "2003.03.07"]
[SourceQuality "1"]

1. e4 c5 2. f4 g6 3. Nf3 Bg7 4. d3 e6 5. g3 Ne7 6. Bg2 Nbc6 7. O-O O-O 8. c3 b6
9. Re1 Ba6 10. Na3 Rb8 11. Nc2 d5 12. e5 b5 13. Be3 d4 14. cxd4 c4 15. Bf2 Nd5
16. Ng5 Ncb4 17. Nxb4 Nxb4 18. Ne4 Nxd3 19. Re2 Bb7 20. a3 Qd7 21. Nc5 Nxc5 22.
dxc5 Qc8 23. Bxb7 Qxb7 24. Rd2 Rfc8 25. Rd7 Rc7 26. Rd6 Bf8 27. Qd4 Rbc8 28.
Qd2 h5 29. Rd1 Qf3 30. Rc1 Qe4 31. Re1 Qf3 32. Qe2 Qb3 33. Rc1 a5 34. Rc3 Qa2
35. Qc2 Be7 36. a4 Qxa4 37. Qxa4 bxa4 38. Rxc4 Rb7 39. Rxa4 Rxb2 40. Rxa5 Bxd6
41. exd6 Rd2 42. Be3 Rd5 43. Ra7 Kg7 44. Rc7 Rb8 45. Kg2 Rb3 46. Bc1 Rb1 47.
Ba3 Rd2+ 48. Kh3 Rh1 49. g4 Rhxh2+ 50. Kg3 h4+ 51. Kf3 Rh3+ 52. Ke4 Rxa3 53. f5
exf5+ 54. gxf5 h3 55. Rc8 h2 56. f6+ Kh7 0-1

[Event "Ilha Solteira 1st"]
[Site "Ilha Solteira"]
[Date "2003.02.05"]
[Round "3"]
[White "Segal, Alexandru Sorin"]
[Black "Cubas, Jose Fernando"]
[Result "0-1"]
[WhiteElo "2308"]
[BlackElo "2439"]
[PlyCount "76"]
[EventDate "2003.02.04"]
[EventType "tourn"]
[EventRounds "9"]
[EventCountry "BRA"]
[EventCategory "4"]
[SourceTitle "CBM 092 Extra"]
[Source "ChessBase"]
[SourceDate "2003.03.07"]
[SourceVersion "1"]
[SourceVersionDate "2003.03.07"]
[SourceQuality "1"]

1. b3 d5 2. Bb2 Bf5 3. Nf3 e6 4. e3 Nf6 5. d4 Bd6 6. Bd3 O-O 7. Bxf5 exf5 8.
O-O Qe7 9. c4 c6 10. Nc3 a6 11. cxd5 cxd5 12. Na4 Nbd7 13. Qd3 Qe4 14. Qxe4
fxe4 15. Nd2 Rac8 16. Rfc1 b5 17. Nc3 Rc7 18. Ne2 Rfc8 19. Rxc7 Rxc7 20. Rc1
Ne8 21. Rxc7 Nxc7 22. Kf1 f5 23. g3 b4 24. Nb1 Nb5 25. Bc1 Kf7 26. Kg2 Kf6 27.
h3 Nf8 28. Nd2 Ne6 29. h4 g6 30. Bb2 h6 31. f3 Nbc7 32. fxe4 fxe4 33. g4 a5 34.
Nf1 h5 35. Kh3 Nf8 36. Bc1 Nb5 37. Bd2 a4 38. Be1 a3 0-1

[Event "Ilha Solteira 1st"]
[Site "Ilha Solteira"]
[Date "2003.02.06"]
[Round "4"]
[White "Cubas, Jose Fernando"]
[Black "Coelho, Luis Henrique"]
[Result "0-1"]
[WhiteElo "2439"]
[BlackElo "2392"]
[PlyCount "66"]
[EventDate "2003.02.04"]
[EventType "tourn"]
[EventRounds "9"]
[EventCountry "BRA"]
[EventCategory "4"]
[SourceTitle "CBM 092 Extra"]
[Source "ChessBase"]
[SourceDate "2003.03.07"]
[SourceVersion "1"]
[SourceVersionDate "2003.03.07"]
[SourceQuality "1"]

1. e4 e6 2. d4 d5 3. e5 c5 4. c3 Nc6 5. Nf3 Bd7 6. Be3 Qb6 7. Qd2 f6 8. exf6
Nxf6 9. Bd3 Bd6 10. a4 c4 11. Bc2 O-O-O 12. Na3 Qxb2 13. O-O Bxa3 14. Ng5 Nb4
15. cxb4 Qxb4 16. Qe2 Qe7 17. Rxa3 Qxa3 18. Bf4 b6 19. Nf7 Kb7 20. Qe5 Ka8 21.
Qg5 Qe7 22. Nxh8 Rxh8 23. Rb1 Rc8 24. Be5 c3 25. h3 Be8 26. f4 Bg6 27. f5 exf5
28. a5 bxa5 29. Bg3 Qd8 30. Bb3 f4 31. Rc1 fxg3 32. Qxg3 Qb6 33. Ba4 Qxd4+ 0-1

[Event "Ilha Solteira 1st"]
[Site "Ilha Solteira"]
[Date "2003.02.07"]
[Round "6"]
[White "Cubas, Jose Fernando"]
[Black "Crosa Coll, Martin"]
[Result "1/2-1/2"]
[WhiteElo "2439"]
[BlackElo "2446"]
[PlyCount "82"]
[EventDate "2003.02.04"]
[EventType "tourn"]
[EventRounds "9"]
[EventCountry "BRA"]
[EventCategory "4"]
[SourceTitle "CBM 092 Extra"]
[Source "ChessBase"]
[SourceDate "2003.03.07"]
[SourceVersion "1"]
[SourceVersionDate "2003.03.07"]
[SourceQuality "1"]

1. e4 c5 2. f4 d5 3. Nc3 dxe4 4. Nxe4 e6 5. Nf3 Be7 6. Ne5 Nf6 7. Bb5+ Nbd7 8.
Qe2 O-O 9. b3 Nd5 10. Bxd7 Bxd7 11. O-O Be8 12. Bb2 f6 13. Nd3 b6 14. Ng3 Nc7
15. Rae1 Bf7 16. Qg4 Nb5 17. Nh5 Bxh5 18. Qxh5 Nc7 19. Rf3 Qe8 20. Qg4 Qg6 21.
Qh3 Qf7 22. Nf2 Rad8 23. d3 f5 24. Be5 Bf6 25. Bxc7 Qxc7 26. Rxe6 Bd4 27. g4 g6
28. Kf1 Qf7 29. Re2 Rde8 30. gxf5 gxf5 31. Nd1 Rxe2 32. Kxe2 Re8+ 33. Kd2 Kh8
34. c3 Bg7 35. Re3 Rd8 36. Kc2 b5 37. Qh4 Bf6 38. Qh3 Qd7 39. Qh6 Qf7 40. Qh3
Qd7 41. Qh6 Qf7 1/2-1/2

[Event "Ilha Solteira 1st"]
[Site "Ilha Solteira"]
[Date "2003.02.07"]
[Round "7"]
[White "Da Silva, Alessandro Rodrigue"]
[Black "Cubas, Jose Fernando"]
[Result "0-1"]
[WhiteElo "2128"]
[BlackElo "2439"]
[PlyCount "70"]
[EventDate "2003.02.04"]
[EventType "tourn"]
[EventRounds "9"]
[EventCountry "BRA"]
[EventCategory "4"]
[SourceTitle "CBM 092 Extra"]
[Source "ChessBase"]
[SourceDate "2003.03.07"]
[SourceVersion "1"]
[SourceVersionDate "2003.03.07"]
[SourceQuality "1"]

1. e4 Nc6 2. Nc3 e6 3. d4 Bb4 4. a3 Bxc3+ 5. bxc3 Nf6 6. e5 Nd5 7. Qg4 Kf8 8.
Bg5 Qe8 9. h4 d6 10. Nf3 dxe5 11. dxe5 h6 12. Bd2 f5 13. Qg3 Qh5 14. c4 Nde7
15. Nh2 Ng6 16. Be2 f4 17. Bxf4 Qxh4 18. Qxg6 Qxf4 19. Nf3 Nxe5 20. Nxe5 Qxe5
21. Rd1 Ke7 22. Rh5 Qc3+ 23. Kf1 Rd8 24. Bd3 Bd7 25. Qg3 Rf8 26. Re1 Rf7 27.
Rhe5 Raf8 28. Rxe6+ Kd8 29. R6e2 Qxa3 30. Qh4+ Kc8 31. Qd4 Rf4 32. Qxg7 Qc5 33.
Qg3 Qh5 34. Kg1 Rh4 35. f3 Rh1+ 0-1

[Event "Ilha Solteira 1st"]
[Site "Ilha Solteira"]
[Date "2003.02.08"]
[Round "8"]
[White "Marques, Vinicius"]
[Black "Cubas, Jose Fernando"]
[Result "1/2-1/2"]
[WhiteElo "2319"]
[BlackElo "2439"]
[PlyCount "21"]
[EventDate "2003.02.04"]
[EventType "tourn"]
[EventRounds "9"]
[EventCountry "BRA"]
[EventCategory "4"]
[SourceTitle "CBM 092 Extra"]
[Source "ChessBase"]
[SourceDate "2003.03.07"]
[SourceVersion "1"]
[SourceVersionDate "2003.03.07"]
[SourceQuality "1"]

1. e4 e5 2. Nf3 Nf6 3. Nxe5 d6 4. Nf3 Nxe4 5. Qe2 Qe7 6. d3 Nf6 7. Bg5 Qxe2+ 8.
Bxe2 Be7 9. Nc3 c6 10. O-O-O Nbd7 11. Rhe1 1/2-1/2

[Event "Ilha Solteira 1st"]
[Site "Ilha Solteira"]
[Date "2003.02.09"]
[Round "9"]
[White "Cubas, Jose Fernando"]
[Black "Asfora, Marco Antonio Hazin"]
[Result "1-0"]
[WhiteElo "2439"]
[BlackElo "2249"]
[PlyCount "78"]
[EventDate "2003.02.04"]
[EventType "tourn"]
[EventRounds "9"]
[EventCountry "BRA"]
[EventCategory "4"]
[SourceTitle "CBM 092 Extra"]
[Source "ChessBase"]
[SourceDate "2003.03.07"]
[SourceVersion "1"]
[SourceVersionDate "2003.03.07"]
[SourceQuality "1"]

1. e4 e5 2. Ne2 Nf6 3. f4 Nxe4 4. d3 Nc5 5. fxe5 d5 6. d4 Ne4 7. Nd2 Bf5 8.
Nxe4 Bxe4 9. Ng3 Bg6 10. Bd3 Nc6 11. Be3 Be7 12. O-O Bg5 13. Qd2 Bxe3+ 14. Qxe3
Bxd3 15. Qxd3 O-O 16. Rf4 Ne7 17. Raf1 Ng6 18. R4f2 Qd7 19. Nf5 a5 20. Qg3 Qe6
21. Qg4 Kh8 22. h4 Rg8 23. Ne3 Qxg4 24. Nxg4 Nxh4 25. Rxf7 Rac8 26. Ne3 Ng6 27.
Nxd5 c5 28. c3 cxd4 29. cxd4 Rcd8 30. Nf4 Rxd4 31. Nxg6+ hxg6 32. Rxb7 Re8 33.
Re1 Re6 34. Re3 g5 35. Rb5 a4 36. Ra3 Rc6 37. Ra5 g4 38. R5xa4 Rd2 39. Rxg4
Rxb2 1-0

[Event "Mar del Plata op 34th"]
[Site "Mar del Plata"]
[Date "2003.04.13"]
[Round "2"]
[White "Cubas, Jose Fernando"]
[Black "Orsini, Antonio"]
[Result "1-0"]
[WhiteElo "2424"]
[BlackElo "2181"]
[PlyCount "47"]
[EventDate "2003.04.12"]
[EventType "swiss"]
[EventRounds "9"]
[EventCountry "ARG"]
[SourceTitle "CBM 093 Extra"]
[Source "ChessBase"]
[SourceDate "2003.05.09"]
[SourceVersion "1"]
[SourceVersionDate "2003.05.09"]
[SourceQuality "1"]

1. e4 e6 2. d4 d5 3. e5 c5 4. c3 Nc6 5. Nf3 Bd7 6. a3 f6 7. Bd3 Qc7 8. O-O fxe5
9. Nxe5 Nxe5 10. Bf4 Bd6 11. dxe5 Be7 12. Qh5+ g6 13. Bxg6+ hxg6 14. Qxh8 O-O-O
15. Qg7 Bb5 16. Qxg6 Qb6 17. Re1 Rf8 18. Qg3 Bd8 19. Nd2 Ne7 20. Nf3 Nf5 21.
Qh3 Qc7 22. Bg5 Qg7 23. Bxd8 Rxd8 24. Nh4 1-0

[Event "Mar del Plata op 34th"]
[Site "Mar del Plata"]
[Date "2003.04.15"]
[Round "5"]
[White "Forestani, Andres Luis"]
[Black "Cubas, Jose Fernando"]
[Result "1-0"]
[WhiteElo "2196"]
[BlackElo "2424"]
[PlyCount "99"]
[EventDate "2003.04.12"]
[EventType "swiss"]
[EventRounds "9"]
[EventCountry "ARG"]
[SourceTitle "CBM 093 Extra"]
[Source "ChessBase"]
[SourceDate "2003.05.09"]
[SourceVersion "1"]
[SourceVersionDate "2003.05.09"]
[SourceQuality "1"]

1. Nf3 d5 2. d4 Nf6 3. c4 c6 4. Nc3 a6 5. e3 b5 6. b3 Bg4 7. Bd3 Nbd7 8. Qc2
Bxf3 9. gxf3 e5 10. Ne2 Bb4+ 11. Kf1 O-O 12. Bb2 Re8 13. Ng3 Bf8 14. Rg1 Kh8
15. Rd1 exd4 16. Bxd4 Ne5 17. Be2 Qd7 18. Qb2 Qh3+ 19. Rg2 Nfd7 20. Kg1 Ng6 21.
Kh1 c5 22. Bc3 dxc4 23. bxc4 b4 24. Bd2 Nde5 25. Nf1 Qe6 26. Qc2 Nh4 27. Rg3
Nf5 28. Rg2 Nd6 29. Rc1 a5 30. f4 Nc6 31. Bf3 Ne4 32. Ng3 f5 33. Rcg1 a4 34.
Bc1 b3 35. axb3 Nb4 36. Qe2 a3 37. Bxe4 fxe4 38. Bd2 Qf6 39. Nh5 Qb2 40. Nxg7
Bxg7 41. Rxg7 Qxg7 42. Rxg7 a2 43. Rxh7+ Kxh7 44. Qh5+ Kg8 45. Qg6+ Kf8 46.
Qf6+ Kg8 47. Bc3 Ra7 48. Qh8+ Kf7 49. Qh7+ Ke6 50. Qxa7 1-0

[Event "Mar del Plata op 34th"]
[Site "Mar del Plata"]
[Date "2003.04.19"]
[Round "9"]
[White "Vasta, Eduardo"]
[Black "Cubas, Jose Fernando"]
[Result "0-1"]
[WhiteElo "2367"]
[BlackElo "2424"]
[PlyCount "64"]
[EventDate "2003.04.12"]
[EventType "swiss"]
[EventRounds "9"]
[EventCountry "ARG"]
[SourceTitle "CBM 093 Extra"]
[Source "ChessBase"]
[SourceDate "2003.05.09"]
[SourceVersion "1"]
[SourceVersionDate "2003.05.09"]
[SourceQuality "1"]

1. e4 e6 2. d4 d5 3. Nc3 Bb4 4. exd5 exd5 5. Bd3 Nc6 6. a3 Be7 7. Bf4 Be6 8.
Nce2 Qd7 9. c3 O-O-O 10. Nf3 f6 11. Qa4 Bd6 12. Bxd6 Qxd6 13. b4 Kb8 14. Nd2
Nh6 15. Qc2 Ne7 16. h3 Nhf5 17. O-O-O h5 18. g3 g5 19. Kb1 Qd7 20. Rde1 Nh6 21.
Ng1 Bf5 22. Bxf5 Nhxf5 23. Ne2 Rde8 24. Qd3 Nc8 25. Qf3 Qh7 26. Kb2 c6 27. Nc1
Qg6 28. Ncb3 Nfd6 29. Nc5 Nb6 30. Kb3 Kc8 31. Qd3 Qxd3 32. Nxd3 Nbc4 0-1

[Event "Regina Helena Marques 1st"]
[Site "Santos"]
[Date "2003.04.22"]
[Round "1"]
[White "Mekhitarian, Krikor Sevag"]
[Black "Cubas, Jose Fernando"]
[Result "1/2-1/2"]
[WhiteElo "2246"]
[BlackElo "2424"]
[PlyCount "108"]
[EventDate "2003.04.22"]
[EventType "tourn"]
[EventRounds "11"]
[EventCountry "BRA"]
[EventCategory "4"]
[SourceTitle "EXT 2004"]
[Source "ChessBase"]
[SourceDate "2003.11.25"]
[SourceVersion "1"]
[SourceVersionDate "2003.11.25"]
[SourceQuality "1"]

1. e4 d5 2. exd5 Nf6 3. d4 Nxd5 4. Nf3 Bg4 5. h3 Bh5 6. g4 Bg6 7. Bg2 Nc6 8.
O-O e6 9. Re1 Be7 10. a3 O-O 11. c4 Nb6 12. c5 Nd5 13. Nc3 a5 14. Be3 Bf6 15.
Nxd5 exd5 16. g5 Be7 17. Qb3 Qd7 18. Nh4 Be4 19. f3 a4 20. Qc3 Bf5 21. Nxf5
Qxf5 22. f4 Rfe8 23. b4 Bf8 24. Bd2 Red8 25. b5 Ne7 26. Re5 Qd7 27. Rae1 c6 28.
h4 cxb5 29. Bh3 Qc7 30. Kh1 Nc6 31. R5e2 b6 32. f5 bxc5 33. dxc5 d4 34. Qf3 Qd7
35. f6 Qd5 36. Qxd5 Rxd5 37. Bg2 Rxc5 38. Re8 Rxe8 39. Rxe8 Re5 40. Bxc6 Rxe8
41. Bxe8 b4 42. Bxa4 bxa3 43. Bb3 gxf6 44. gxf6 Bd6 45. Kg2 Be5 46. Bg5 h6 47.
Bxh6 Bxf6 48. h5 d3 49. Bd2 Kg7 50. Kf3 Bb2 51. Ke4 Bf6 52. Kxd3 Bb2 53. Ke4
Ba1 54. Kf5 Bb2 1/2-1/2

[Event "Regina Helena Marques 1st"]
[Site "Santos"]
[Date "2003.04.23"]
[Round "2"]
[White "Cubas, Jose Fernando"]
[Black "Sega, Carlos Alberto"]
[Result "0-1"]
[WhiteElo "2424"]
[BlackElo "2315"]
[PlyCount "52"]
[EventDate "2003.04.22"]
[EventType "tourn"]
[EventRounds "11"]
[EventCountry "BRA"]
[EventCategory "4"]
[SourceTitle "EXT 2004"]
[Source "ChessBase"]
[SourceDate "2003.11.25"]
[SourceVersion "1"]
[SourceVersionDate "2003.11.25"]
[SourceQuality "1"]

1. e4 e5 2. Nf3 Nf6 3. Nxe5 d6 4. Nf3 Nxe4 5. d3 Nf6 6. d4 Be7 7. Bd3 O-O 8.
Nc3 c5 9. d5 Na6 10. O-O Nb4 11. Bc4 Bg4 12. Bb3 Nd7 13. a3 Na6 14. Bc4 Nc7 15.
Bf4 Nb6 16. Ba2 Qd7 17. h3 Bf5 18. Nd2 Rad8 19. Rb1 Rfe8 20. Re1 Bf6 21. Rxe8+
Rxe8 22. Nf3 Bxc3 23. bxc3 Nb5 24. Rxb5 Qxb5 25. Bxd6 c4 26. Bb4 a5 0-1

[Event "Regina Helena Marques 1st"]
[Site "Santos"]
[Date "2003.04.24"]
[Round "3"]
[White "Frare, Fernando Cesar"]
[Black "Cubas, Jose Fernando"]
[Result "1/2-1/2"]
[WhiteElo "2225"]
[BlackElo "2424"]
[PlyCount "108"]
[EventDate "2003.04.22"]
[EventType "tourn"]
[EventRounds "11"]
[EventCountry "BRA"]
[EventCategory "4"]
[SourceTitle "EXT 2004"]
[Source "ChessBase"]
[SourceDate "2003.11.25"]
[SourceVersion "1"]
[SourceVersionDate "2003.11.25"]
[SourceQuality "1"]

1. d4 d5 2. c4 c6 3. Nc3 Nf6 4. e3 a6 5. a4 g6 6. Nf3 Bg7 7. Bd3 Bf5 8. O-O O-O
9. b3 Ne4 10. Bb2 Nxc3 11. Bxc3 Nd7 12. Bxf5 gxf5 13. Qd3 e6 14. Rac1 Qe7 15.
cxd5 cxd5 16. Qd2 Rfc8 17. Bb4 Qd8 18. Rxc8 Rxc8 19. Rc1 f6 20. Rxc8 Qxc8 21.
Qc3 Qxc3 22. Bxc3 Bf8 23. g3 Bd6 24. Kf1 Kf7 25. Nh4 Nb8 26. Ke2 Nc6 27. Kd3 b5
28. axb5 axb5 29. f3 Kg7 30. Bd2 Kf7 31. Bc3 Ke7 32. Bd2 Kd7 33. Bc3 Bf8 34.
Bd2 Bh6 35. Bc3 Bg5 36. Ng2 e5 37. e4 fxe4+ 38. fxe4 dxe4+ 39. Kxe4 b4 40. Bb2
Kd6 41. dxe5+ fxe5 42. Ne1 Bd2 43. Nc2 Ke6 44. g4 Na5 45. Bxe5 Nxb3 46. Nd4+
Nxd4 47. Bxd4 Bc1 48. h4 b3 49. g5 Kf7 50. Kf5 Ba3 51. h5 Kg8 52. g6 Bf8 53.
gxh7+ Kxh7 54. Bb2 Bg7 1/2-1/2

[Event "Regina Helena Marques 1st"]
[Site "Santos"]
[Date "2003.04.24"]
[Round "4"]
[White "Cubas, Jose Fernando"]
[Black "Van Riemsdijk, Herman Claudius"]
[Result "1-0"]
[WhiteElo "2424"]
[BlackElo "2393"]
[PlyCount "125"]
[EventDate "2003.04.22"]
[EventType "tourn"]
[EventRounds "11"]
[EventCountry "BRA"]
[EventCategory "4"]
[SourceTitle "EXT 2004"]
[Source "ChessBase"]
[SourceDate "2003.11.25"]
[SourceVersion "1"]
[SourceVersionDate "2003.11.25"]
[SourceQuality "1"]

1. e4 c5 2. f4 d5 3. Nc3 d4 4. Nce2 Nc6 5. d3 Nf6 6. h3 e5 7. Nf3 Bd6 8. f5 c4
9. g4 cxd3 10. cxd3 Nd7 11. Ng3 Nc5 12. Nh5 g6 13. Bg5 Be7 14. f6 Bd6 15. Ng7+
Kd7 16. Qc1 h6 17. Qc4 Ne6 18. Nxe6 fxe6 19. Bd2 Qxf6 20. Be2 Qg7 21. O-O g5
22. b4 Ne7 23. b5 Ng6 24. b6 a5 25. Rac1 Ke7 26. Nxg5 Nf4 27. Bxf4 hxg5 28. Bd2
Rxh3 29. Kg2 Rh8 30. Rh1 Bd7 31. Rh5 Bc6 32. Bxg5+ Kd7 33. Rch1 Rxh5 34. Rxh5
Rg8 35. Bd2 Qf7 36. Rh1 a4 37. Qc1 Be7 38. Qf1 Qg7 39. Qf3 Kd8 40. Rh5 Be8 41.
Rh1 Bc5 42. Rh6 Ke7 43. Qh3 Bg6 44. Qh4+ Kd7 45. Bd1 a3 46. g5 Be7 47. Bh5 Bxh5
48. Qxh5 Bxg5 49. Rh7 Bxd2+ 50. Kh3 Kd6 51. Rxg7 Rxg7 52. Qh8 Rf7 53. Qb8+ Kc6
54. Qc8+ Kd6 55. Qb8+ Kc6 56. Qxe5 Rf3+ 57. Kg4 Rxd3 58. Qxe6+ Kb5 59. Qd5+
Kxb6 60. e5 Re3 61. e6 Ka6 62. Qxd4 Re1 63. e7 1-0

[Event "Regina Helena Marques 1st"]
[Site "Santos"]
[Date "2003.04.26"]
[Round "6"]
[White "Cubas, Jose Fernando"]
[Black "Neubauer, Martin"]
[Result "1/2-1/2"]
[WhiteElo "2424"]
[BlackElo "2415"]
[PlyCount "46"]
[EventDate "2003.04.22"]
[EventType "tourn"]
[EventRounds "11"]
[EventCountry "BRA"]
[EventCategory "4"]
[SourceTitle "EXT 2004"]
[Source "ChessBase"]
[SourceDate "2003.11.25"]
[SourceVersion "1"]
[SourceVersionDate "2003.11.25"]
[SourceQuality "1"]

1. e4 e5 2. Ne2 Nf6 3. f4 exf4 4. Nxf4 d5 5. Qe2 Be7 6. Nxd5 Nxd5 7. exd5 Qxd5
8. Nc3 Qd8 9. d4 O-O 10. Be3 Nc6 11. O-O-O Bf5 12. Qb5 Qd7 13. Bd3 Bxd3 14.
Rxd3 a6 15. Qh5 Nb4 16. Rdd1 c6 17. d5 Nxd5 18. Nxd5 cxd5 19. Qxd5 Qxd5 20.
Rxd5 Rad8 21. Rhd1 Rxd5 22. Rxd5 Rd8 23. Rxd8+ Bxd8 1/2-1/2

[Event "Regina Helena Marques 1st"]
[Site "Santos"]
[Date "2003.04.27"]
[Round "7"]
[White "Stamenkovic, Dragan"]
[Black "Cubas, Jose Fernando"]
[Result "1-0"]
[WhiteElo "2309"]
[BlackElo "2424"]
[PlyCount "163"]
[EventDate "2003.04.22"]
[EventType "tourn"]
[EventRounds "11"]
[EventCountry "BRA"]
[EventCategory "4"]
[SourceTitle "EXT 2004"]
[Source "ChessBase"]
[SourceDate "2003.11.25"]
[SourceVersion "1"]
[SourceVersionDate "2003.11.25"]
[SourceQuality "1"]

1. e4 e6 2. d4 d5 3. Nc3 Bb4 4. a3 Bxc3+ 5. bxc3 dxe4 6. Qg4 Nf6 7. Qxg7 Rg8 8.
Qh6 Rg6 9. Qh4 Nbd7 10. Nh3 c5 11. Be2 Qa5 12. Bd2 Qa4 13. dxc5 e5 14. f4 e3
15. Bxe3 Qe4 16. Bd2 Rg4 17. Qf2 Rxg2 18. Qe3 Qxe3 19. Bxe3 Nd5 20. Bd2 e4 21.
Bf1 Rg8 22. c4 Ne7 23. Ng5 Nxc5 24. Be3 f6 25. Bxc5 fxg5 26. fxg5 Rxg5 27. Be3
Rg8 28. O-O-O Bg4 29. Re1 Bf3 30. Rg1 Rxg1 31. Bxg1 a6 32. Bh3 Kf7 33. Bc5 Rg8
34. Bxe7 Kxe7 35. Bf5 Kd6 36. Bxh7 Rg7 37. Bf5 Ke5 38. Bh3 Rh7 39. Bc8 Rc7 40.
Bh3 Rxc4 41. Re3 Kf4 42. Rb3 e3 43. Bf1 Rd4 44. Bd3 Rd7 45. Rb4+ Ke5 46. Rh4
Rg7 47. Rh3 Rg1+ 48. Kb2 Kf4 49. Rh4+ Rg4 50. Rh7 Bd5 51. Rd7 Rg5 52. Kc3 Kf3
53. Kd4 Be6 54. Rxb7 Rd5+ 55. Kc3 Kf2 56. Rb6 Bf5 57. Bxa6 Ra5 58. Bc4 Rxa3+
59. Kb4 e2 60. Bxe2 Ra2 61. Bd3 Bxd3 62. cxd3 Ke3 63. Rd6 Rxh2 64. Kc3 Rh8 65.
Re6+ Kf4 66. d4 Rc8+ 67. Kd3 Kf5 68. d5 Ra8 69. Kc4 Ra1 70. Re2 Rc1+ 71. Kd4
Kf6 72. d6 Kf7 73. Kd5 Ra1 74. d7 Rd1+ 75. Kc6 Rc1+ 76. Kb7 Rb1+ 77. Kc8 Rc1+
78. Kd8 Rh1 79. Re7+ Kf6 80. Re8 Kf7 81. Kc7 Rc1+ 82. Kb6 1-0

[Event "Regina Helena Marques 1st"]
[Site "Santos"]
[Date "2003.04.27"]
[Round "8"]
[White "Cubas, Jose Fernando"]
[Black "Molina, Jorge"]
[Result "1-0"]
[WhiteElo "2424"]
[BlackElo "2274"]
[PlyCount "89"]
[EventDate "2003.04.22"]
[EventType "tourn"]
[EventRounds "11"]
[EventCountry "BRA"]
[EventCategory "4"]
[SourceTitle "EXT 2004"]
[Source "ChessBase"]
[SourceDate "2003.11.25"]
[SourceVersion "1"]
[SourceVersionDate "2003.11.25"]
[SourceQuality "1"]

1. e4 c6 2. d4 d5 3. e5 c5 4. dxc5 e6 5. Be3 Nh6 6. c3 Nf5 7. Bd4 Bd7 8. Nf3
Nc6 9. Qd2 Nfxd4 10. cxd4 a5 11. Nc3 b6 12. cxb6 Qxb6 13. Be2 Rb8 14. Rb1 Be7
15. O-O O-O 16. Rfc1 f6 17. exf6 Rxf6 18. Na4 Qa7 19. Nc5 Be8 20. Rc3 Bd6 21.
g3 Bg6 22. Rf1 Rbf8 23. Nh4 Be8 24. f4 Bxc5 25. Rxc5 e5 26. fxe5 Rxf1+ 27. Bxf1
Nxe5 28. Bg2 Bf7 29. Qxa5 Qxa5 30. Rxa5 Nc6 31. Rxd5 Nb4 32. Rb5 Nxa2 33. Nf5
Nc1 34. d5 Ne2+ 35. Kh1 Ra8 36. Bf3 Nc1 37. Kg1 Nd3 38. Be4 Ne5 39. d6 Ra1+ 40.
Kg2 Nd7 41. Bc6 Be6 42. Nd4 Bc4 43. Rb4 Ne5 44. Rxc4 Nxc4 45. d7 1-0

[Event "Regina Helena Marques 1st"]
[Site "Santos"]
[Date "2003.04.28"]
[Round "9"]
[White "D'Israel, Davy Maurice"]
[Black "Cubas, Jose Fernando"]
[Result "1/2-1/2"]
[WhiteElo "2291"]
[BlackElo "2424"]
[PlyCount "54"]
[EventDate "2003.04.22"]
[EventType "tourn"]
[EventRounds "11"]
[EventCountry "BRA"]
[EventCategory "4"]
[SourceTitle "EXT 2004"]
[Source "ChessBase"]
[SourceDate "2003.11.25"]
[SourceVersion "1"]
[SourceVersionDate "2003.11.25"]
[SourceQuality "1"]

1. e4 e6 2. d4 d5 3. e5 c5 4. c3 Qb6 5. Nf3 Bd7 6. Be2 Bb5 7. c4 dxc4 8. d5 Nd7
9. Nc3 O-O-O 10. O-O Ba6 11. Qc2 exd5 12. Nxd5 Qg6 13. Qxg6 hxg6 14. Bf4 Ne7
15. Nxe7+ Bxe7 16. a4 Nf8 17. Ng5 Bxg5 18. Bxg5 Re8 19. Bg4+ Ne6 20. Rfd1 Kc7
21. Bxe6 Rxe6 22. Rd5 b6 23. Rad1 Bc8 24. a5 Rhe8 25. axb6+ axb6 26. Bd8+ Kb7
27. f4 f6 1/2-1/2